Présidents de l'Assemblée National sous la Vè République - Statistiques

Statistiques générales
  • Ce quiz a été pris 40 fois
  • Le résultat moyen est 8 sur 19
Statistiques - réponses
Indice Réponce % Correct
2022-2024 Yaël Braun-Pivet
94%
2024- Yaël Braun-Pivet
94%
2002-2007 Jean-Louis Debré
75%
1997-2000 Laurent Fabius
61%
2012-2017 Claude Bartolone
56%
2018-2022 Richard Ferrand
53%
2017-2018 François de Rugy
50%
2007-2012 Bernard Accoyer
47%
1958-1969 Jacques Chaban-Delmas
44%
1978-1981 Jacques Chaban-Delmas
44%
1986-1988 Jacques Chaban-Delmas
44%
1992-1993 Henri Emmanuelli
31%
1993-1997 Phillipe Séguin
28%
1973-1978 Edgar Faure
17%
1969-1973 Achille Peretti
14%
1981-1986 Louis Mermaz
14%
2007-2007 Patrick Ollier
14%
2000-2002 Raymond Forni
11%
1988-1992 Laurent Fabius
0%
Aucun quiz correspondant
Distribution des résultats
% des personnes avec chaque résultat
Percentile par nombre de réponses
Votre historique - résultats
Vous n’avez pas pris ce quiz